Quick Pick: Car Brands Quiz Stats

 Plays Quiz Updated Sep 14, 2016

Challenge
Share
Tweet
Embed
Score 0/12 Timer 01:00
5 Plays Today
% Correct
Honda
93.9%
Volkswagen
93.5%
Mini
92.5%
Toyota
85.4%
Chevrolet
83.7%
Nissan
80.9%
Mazda
74.3%
Porsche
69.4%
Rolls-Royce
66.6%
Lamborghini
65.9%
Renault
59.3%
Fiat
58.8%

Today's Daily Dose

You're not logged in!

Compare scores with friends on all Sporcle quizzes.
Join for Free
OR
Log In

You Might Also Like...

Show Comments

Extras

Top Quizzes Today


Score Distribution

Your Account Isn't Verified!

In order to create a playlist on Sporcle, you need to verify the email address you used during registration. Go to your Sporcle Settings to finish the process.

Report this User

Report this user for behavior that violates our Community Guidelines.

Details: